000 01535cam a22003495i 4500
999 _c28850
_d28821
001 006167720
003 EG-ScBUE
005 20200927124855.0
008 921014t19931993maua f b 001 0 eng d
020 _a0792393090
020 _a9780792393092
040 _aDLC
_beng
_erda
_cDLC
_dUk
_dEG-ScBUE
082 0 4 _a621.381536
_bHEI
_222
100 1 _aHein, Søren,
_d1968-
_eauthor.
245 0 0 _aSigma Delta modulators :
_bnonlinear decoding algorithms and stability analysis /
_cby Søren Hein, Siemens A. G., Avideh Zakhor, University of California.
264 1 _aBoston, MA. :
_bKluwer Academic Publishers,
_c[1993]
264 4 _cc1993
300 _axii, 252 pages :
_billustrations ;
_c24 cm
336 _atext
_btxt
_2rdacontent
337 _aunmediated
_bn
_2rdamedia
338 _avolume
_bnc
_2rdacarrier
490 0 _aKluwer international series in engineering and computer science.
_aVLSI.
_acomputer architecture, and digital signal processing
504 _aIncludes bibliographical references and index.
520 _aAn ONS converter consists of an encoder that generates a high-rate, low-resolution digital signal, and a decoder that produces a low-rate, high-resolution digital approximation to the analog encoder input.
540 _aCurrent copyright fee: GBP19.00
_c42\0
_5Uk
650 7 _aAnalog-to-digital converters.
_2BUEsh
_939029
650 7 _aCoding theory.
_2BUEsh
650 7 _aModulators (Electronics)
_2BUEsh
653 _bENGGEN
_cSeptember2020
700 1 _aZakhor, Avideh,
_eauthor.
942 _2ddc
_cBB